000 nam a22 a 4500
999 _c421779
_d421779
003 BLK
005 20230506024441.0
008 201020b bu ||||| |||| 00| 0 bu d
040 _aBLK
041 _aRUS
_cRUS
080 _aАнглийска литература
_b821.111
_z821.111-31
100 _aРид, Томас Майн
_d1818-1883
_9365222
139 _aРид, Томас Майн
245 _aПолзуны по скалам
_bРоман
_cКап. Майн-Рид; с рис. Эванса
260 _9444053
_aМосква
_bтип. т-ва И. Д. Сытина
_c1896
300 _a128 с.
_c18 см
380 _aX
490 _9435080
_aКолекция Редки и ценни издания
852 _aРр 896
_bРц
942 _cKNG
_n0
_s1
944 _aCR
_c2021-06-28
_kНР